[Event "Ufa Siamidi Memorial op"]
[Site "Ufa"]
[Date "2010.10.25"]
[Round "8"]
[White "Okishev, Grigory"]
[Black "Gubaidullin, Airat"]
[Result "1/2-1/2"]
[WhiteElo "1797"]
[BlackElo "1959"]
[PlyCount "90"]
[EventDate "2010.10.18"]
[EventType "swiss"]
[EventRounds "9"]
[EventCountry "RUS"]
[SourceTitle "EXT 2011"]
[Source "ChessBase"]
[SourceDate "2010.11.26"]
[SourceVersion "1"]
[SourceVersionDate "2010.11.26"]
[SourceQuality "1"]

1. e4 g6 2. d4 Bg7 3. Nf3 d6 4. Nc3 Bg4 5. Be2 Nc6 6. Be3 Qd7 7. h3 Bxf3 8. Bxf3 a6 9. Qd2 e6 10. Be2 Nge7 11. f4 0-0-0 12. 0-0-0 Nb8 13. d5 exd5 14. Nxd5 Nbc6 15. Kb1 Kb8 16. Bf3 f5 17. Nxe7 Nxe7 18. e5 Nc8 19. Qb4 Qb5 20. Qxb5 axb5 21. exd6 Rxd6 22. Bc5 Rxd1+ 23. Rxd1 Re8 24. c3 Bf8 25. Bd4 Nd6 26. Kc2 Ne4 27. Re1 Bd6 28. g3 g5 29. g4 Bxf4 30. gxf5 Nd6 31. Rxe8+ Nxe8 32. Bh5 Nd6 33. f6 g4 34. hxg4 Bg5 35. f7 Bh6 36. Bc5 Kc8 37. Bxd6 cxd6 38. Kd3 Kd7 39. Ke4 Ke6 40. b3 d5+ 41. Kd4 b6 42. f8Q Bxf8 43. Be8 b4 44. cxb4 Bxb4 45. Kd3 Ke5 1/2-1/2

[Event "Ufa Siamidi Memorial op"]
[Site "Ufa"]
[Date "2010.10.24"]
[Round "7"]
[White "Gubaidullin, Airat"]
[Black "Gusev, Fedor"]
[Result "1-0"]
[WhiteElo "1959"]
[BlackElo "1603"]
[PlyCount "41"]
[EventDate "2010.10.18"]
[EventType "swiss"]
[EventRounds "9"]
[EventCountry "RUS"]
[SourceTitle "EXT 2011"]
[Source "ChessBase"]
[SourceDate "2010.11.26"]
[SourceVersion "1"]
[SourceVersionDate "2010.11.26"]
[SourceQuality "1"]

1. e4 e5 2. Bc4 d6 3. h3 Nf6 4. Nc3 Nc6 5. Nf3 h6 6. d3 a6 7. a3 Nd4 8. Be3 Nxf3+ 9. Qxf3 Be7 10. g4 c6 11. 0-0-0 Be6 12. Bxe6 fxe6 13. g5 Nd7 14. Qh5+ Kf8 15. gxh6 Nf6 16. Qg6 Rxh6 17. Bxh6 gxh6 18. h4 Qe8 19. Qxh6+ Kf7 20. Rdg1 Qf8 21. Qg6# 1-0